Statistics for Flags of ABC Countries

Click here to take the quiz!

General Stats

  • This quiz has been taken 33 times
  • The average score is 38 of 44

Answer Stats

Answer% Correct
albania
94%
Australia
94%
Austria
94%
bangladesh
94%
Belgium
94%
brazil
94%
Cambodia
94%
Canada
94%
china
94%
Cuba
94%
cyprus
94%
Afghanistan
88%
algeria
88%
andorra
88%
Argentina
88%
bahamas
88%
bahrain
88%
barbados
88%
Belarus
88%
bhutan
88%
bosnia
88%
Brunei
88%
Chad
88%
chile
88%
Colombia
88%
Croatia
88%
czechia
88%
angola
82%
antigua and barbuda
82%
Armenia
82%
Azerbaijan
82%
Bulgaria
82%
Burundi
82%
belize
76%
benin
76%
bolivia
76%
botswana
76%
burkina faso
76%
Cameroon
76%
Cape Verde
76%
CAR
76%
costa rica
76%
comoros
71%
Congo
65%

Score Distribution

Percentile by Number Answered

Percent of People with Each Score

Your Score History

You have not taken this quiz